| 000 | 00000nam##2200000za#4500 |
| 001 | 9.603204 |
| 003 | CaOODSP |
| 005 | 20210624210946 |
| 007 | cr ||||||||||| |
| 008 | 150406|2002||||xxc|||||o f|0| 0 fre|d |
| 040 | |aCaOODSP|bfre |
| 043 | |an-cn--- |
| 086 | 1 |aBT31-4/31-2002F-PDF |
| 110 | 1 |aCanada. |bConseil du trésor. |
| 245 | 10|aOffice des transports du Canada, rapport sur le rendement pour la période se terminant le 31 mars 2002 |h[ressource électronique] |
| 260 | |aOttawa - Ontario : |bSecrétariat du Conseil du Trésor du Canada |cc2002. |
| 300 | |a34p.|bfigure, références, tableaux |
| 490 | 1 |aRapport sur le rendement pour la période se terminant le 31 mars 2002 |vPour la période se terminant le 31 mars 2002 |
| 500 | |aLe n° de catalogue (BT31-4/31-2002) et l'ISBN (0-660-62099-5) de l'édition imprimée bilingue ont été incorrectement copiés dans l'édition électronique. |
| 590 | |a12-17-Supp|b2012-04-20 |
| 775 | 08|tCanadian Transportation Agency, performance report for the period ending March 31, 2002 |w(CaOODSP)9.572960 |
| 776 | 0#|tCanadian Transportation Agency |w(CaOODSP)9.536784 |
| 776 | 0#|tOffice des transports du Canada |w(CaOODSP)9.536785 |
| 830 | #0|aRapport sur le rendement pour la période se terminant le 31 mars 2002 ;|vPour la période se terminant le 31 mars 2002|w(CaOODSP)9.502659 |
| 856 | 40|ahttp://publications.gc.ca|qPDF|s219 Ko|uhttps://publications.gc.ca/collections/collection_2012/sct-tbs/BT31-4-31-2002-fra.pdf|yPour la période se terminant le 31 mars 2002 |